00631nam a2200181Ia 4500952013100000999001700131003000400148005001700152008004100169040000900210082002200219100002600241245006100267260004900328300000800377650001400385942005000399 00102ddc40708SSaMESbMEScMALd2019-02-20g60.00l0o894.812301 PAR/Np39289r2019-02-20 00:00:00w2019-02-20yBKzGR30R3 c30096d30096OSt20210108150830.0190216s9999||||xx |||||||||||||| ||und|| coclc a894.812301bPAR/N aParakadavu, P K95449 0aNamukku Manjagalil Mukhamukham Irikkam /cP K Parakadavu bPratheeksha Publications,c2012.aKozhikode: a84p aMalayalam cBK2ddch894.812301iPAR/Nk894.812301mPAR/N